• 首页
  • 本馆介绍
  • 公告通知
  • 最新文献
  • 馆藏检索
  • 电子资源
  • 读者导购
  • 参考咨询
  • 我的图书馆
  • 登录
  • 详细信息显示
  • 放入我的书架
  • 预约/预借图书
  • 作者相关作品
  • 分类相关作品
  • 丛书相关作品
  • 出版社相关作品

书目信息

  • 表格格式
  • 工作单格式
  • 卡片格式
题名:
经济利益与经济制度
    
 
作者: 布罗姆利 , Bromley 著 ;陈郁 , 郭宇峰 , 汪春 译
分册:  
出版信息: 上海   上海人民出版社  2006
页数: 329页
开本: 21cm
丛书名: 当代经济学系列丛书
单 册:
中图分类: F014.1
科图分类:
主题词: 经济利益--关系--经济制度 , 经济利益 , 关系 , 经济制度
电子资源:
ISBN: 7-208-06110-6
000 01363oam2 2200349 450
001 012007557807
005 20070516173141.17
010    @a7-208-06110-6@dCNY22.00
100    @a20070508d2006 km y0chiy0120 ea
101 1  @achi@ceng
102    @aCN@b310000
105    @ay z 000yy
106    @ar
200 1  @a经济利益与经济制度@Ajing ji li yi yu jing ji zhi du@e公共政策的理论基础@f(美)丹尼尔·W.布罗姆利(Daniel W.Bromley)著@F(mei)dan ni er·W.bu luo mu li(Daniel W.Bromley)zhu@g陈郁,郭宇峰,汪春译@Gchen yu,guo yu feng,wang chun yi
210    @a上海@c上海人民出版社@c上海三联书店@d2006
215    @a329页@d21cm
225 2  @a当代经济学系列丛书@i当代经济学译库
330    @a本书首先对流行的有关制度和制度变迁的理论观点进行了考察,其中主要是科斯、德姆塞茨和波斯纳的私有产权观、宾斯旺格、速水和拉坦的诱致性制度变迁模型以及诺思的制度变迁模型。
461  0 @12001 @a当代经济学系列丛书
517 1  @a公共政策的理论基础@Agong gong zheng ce de li lun ji chu
606 0  @a经济利益@x关系@x经济制度
606 0  @a经济利益
606 0  @a关系
606 0  @a经济制度
690    @aF014.1@v4
701  1 @c(美)@a布罗姆利@Abu luo mu li@b丹尼尔@4著
701  1 @c(美)@aBromley@bDaniel W.@4著
702  0 @a陈郁@Achen yu@4译
702  0 @a郭宇峰@Aguo yu feng@4译
702  0 @a汪春@Awang chun@4译
801  0 @aCN@bRULIN@c20070516
905    @dF014.1@e285@s5
    
    经济利益与经济制度:公共政策的理论基础/(美)丹尼尔·W.布罗姆利(Daniel W.Bromley)著/陈郁,郭宇峰,汪春译.-上海:上海人民出版社:上海三联书店,2006
    329页;21cm.-(当代经济学系列丛书.当代经济学译库)
    
    
    ISBN 7-208-06110-6:CNY22.00
    本书首先对流行的有关制度和制度变迁的理论观点进行了考察,其中主要是科斯、德姆塞茨和波斯纳的私有产权观、宾斯旺格、速水和拉坦的诱致性制度变迁模型以及诺思的制度变迁模型。
●
相关链接 在E读中查询图书 在五车中查询图书 在当当中查询图书 在豆瓣中查询图书


正题名:经济利益与经济制度     索取号:F014.1/285         预约/预借

序号 登录号 条形码 馆藏地/架位号 状态 备注
1 0572213   205722137   第一样本阅览室/ [索取号:F014.1/285] 在馆    
2 0572214   205722146   第一借阅区/ [索取号:F014.1/285] 在馆    
3 0572215   205722155   第一借阅区/ [索取号:F014.1/285] 在馆    
4 0572216   205722164   第一借阅区/ [索取号:F014.1/285] 在馆    
5 0572217   205722173   第一借阅区/ [索取号:F014.1/285] 在馆    
唐山师范学院图书馆 欢迎您!
大连网信软件有限公司© 版权所有